| 000 | 00675nam a2200217 a 4500 | ||
|---|---|---|---|
| 999 |
_c9881 _d9881 |
||
| 001 | 9881 | ||
| 003 | BD-JhCC | ||
| 005 | 20180402194853.0 | ||
| 008 | 180402s1975 ii |||| |||| 000 0 ben d | ||
| 035 | _a(BD-JhCC)9881 | ||
| 040 |
_aBD-JhCC _dBD-JhCC |
||
| 041 | _aben | ||
| 082 |
_a891.4415 _bTAG 1975 |
||
| 100 | _aঠাকুর, রবীন্দ্রনাথ | ||
| 245 |
_aসঞ্চয়িতা / _cরবীন্দ্রনাথ ঠাকুর |
||
| 260 |
_aকলকাতা : _bবিশ্বভারতী গ্রন্থবিভাগ, _c1975. |
||
| 300 |
_a915 p. : _c22 cm. |
||
| 650 | _aBengali poetry | ||
| 942 |
_2ddc _cBK |
||